000 00294nam a2200133Ia 4500
005 20251222151331.0
008 251222s9999||||xx |||||||||||||| ||spa||
082 _a929.72/R96
100 _aRussell, Craig
245 0 _aLennox
250 _a1ra.ed.
264 _bDiario Público
942 _cLIB
999 _c24100
_d24100